Vocabulaire Anglais Aléatoire - Statistiques

Statistiques générales
  • Ce quiz a été pris 10 257 fois
  • Le résultat moyen est 15 sur 30
Statistiques - réponses
Français Anglais % Correct
lit bed
93%
œil Eye
93%
main Hand
92%
cheveux Hair
91%
coeur Heart
91%
nez Nose
91%
stylo Pen
90%
Table table
90%
livre book
89%
pied Foot
89%
tête Head
89%
fenêtre window
89%
porte door
88%
Visage Face
87%
Téléphone Phone
87%
dents Teeth
86%
chaise chair
85%
bouche Mouth
85%
bras Arm
84%
doigt Finger
84%
peau Skin
84%
un verre glass
83%
un couteau knife
83%
Shampooing Shampoo
83%
ordinateur Computer
82%
toilettes Toilet
82%
lèvres Lips
81%
mur wall
81%
jambe Leg
80%
Douche Shower
80%
dos Back
79%
boite Box
79%
oreille Ear
78%
dent Tooth
78%
une cuillère spoon
76%
Honnête Honest
75%
Télévision Television
75%
cou Neck
74%
Calme Calm
73%
Miroir Miror
73%
une assiette plate
72%
épaule Shoulder
72%
Canapé Sofa
66%
estomac Stomach
66%
bureau desk
65%
une fourchette fork
65%
sourcils Eyebrow
64%
Savon Soap
63%
un micro-ondes microwave
62%
langue Tongue
62%
oreiller pillow
61%
une tasse cup
59%
un bol bowl
55%
lampe lamp
55%
Patient/e Patient
55%
toît roof
52%
Courageux/se Brave
51%
ventre Belly
48%
un réfrigérateur fridge
47%
Génereux/se Generous
47%
un four oven
47%
parfum Perfume
46%
poumon Lung
43%
Souriant/e Smilling
42%
menton Chin
41%
gorge Throat
41%
un congélateur freeze
40%
cheville Ankle
39%
dentifrice Toothpaste
39%
Optimiste Optimistic
38%
Serviette Towel
38%
couverture blanket
37%
joues Cheeks
37%
poignet Wrist
37%
un évier sink
36%
lavabo Sink
35%
coude Elbow
33%
Baignoire Bathtub
31%
un lave-vaisselle dishwasher
31%
Crane Skull
30%
cils Eyelashes
29%
rasoir Razor
28%
un grille-pain toaster
28%
un mixeur mixer
27%
pyjama pyjamas
27%
plafond ceiling
24%
une spatule spatula
23%
plancher floor
21%
narines Nostrils
20%
matelas mattress
19%
papier peint wallpaper
19%
cuisses Thighs
18%
tiroir drawer
17%
chaussons slippers
17%
peigne Comb
16%
paupière Eyelid
16%
cadre frame
16%
un couvercle lid
16%
armoire wardrobe
16%
genoux Knnes
13%
réveil alarm clock
11%
mollets Calves
11%
Serviable Helpful
11%
robinet Tap
9%
stores blinds
8%
un saladier salad bowl
7%
pouce Thump
7%
une poêle frying pan
6%
couette duvet
5%
volets shutters
5%
Couverts cutlery
4%
bibliothèque bookcase
3%
une louche ladle
3%
une casserole saucepan
3%
parquet wooden floor
3%
une passoire colander
2%
une plaque de cuisson cooktop
2%
moquette fitted carpet
2%
Aucun quiz correspondant
Distribution des résultats
% des personnes avec chaque résultat
Percentile par nombre de réponses
Votre historique - résultats
Vous n’avez pas pris ce quiz